000 01864nam a2200349 i 4500
001 991061720876806706
003 ES-BaIT
005 20260225094921.0
008 260225e202408 fr a r 000 d fre c
020 _a9782749816494
040 _aES-BaIT
_bcat
_erda
_cES-BaIT
080 _a840-2"20"
100 1 _aMartineau, Géraldine
_eautor
_9168688
245 1 2 _aL'Extraordinaire destinée de Sarah Bernhardt /
_cGéraldine Martineau
264 1 _aParis :
_bL'avant-scène théatre,
_caoût 2024
300 _a119 pàgines :
_bil·lustracions ;
_c21 cm
336 _atext
_btxt
_2rdacontent
336 _aimatge fixa
_bsti
_2rdacontent
337 _asense mediació
_bn
_2rdamedia
338 _avolum
_bnc
_2rdacarrier
490 1 _aL'Avant-scène théâtre ;
_vno 1560
500 _aP8: D6, H2 i altres
500 _aPublicat com no 1560 (août 2024) de la revista L'Avant-scène théâtre
500 _aEstrena Théâtre du Palais-Royal el 27 d'agost 2024
500 _aInclou els figurins dels personatges de l'obra de Cindy Lombardi
520 _a"L'Extraordinaire Destinée de Sarah Bernhardt nous emporte dans la vie de la première star internationale, celle qu'on nomma "la Divine", "le monstre sacré" ou encore "la Scandaleuse". Sarah osait tout, elle dormait dans un cercueil, collectionnait les hommes et les animaux, fit un enfant avec un prince, traversa deux guerres, claqua la porte de la Comédie-Française, alla jouer jusqu'au Far West... Tout cela avec extravagance, homour et un engangement sans faille, portée par sa divise, "Quand même!"Cette pièce est une ode à la liberté, la prise de risque et la détermination"-- Contracoberta
600 1 0 _aBernhardt, Sarah,
_d1844-1923
_vTextos dramàtics
_9168689
830 _aAvant-scène.
_pThéâtre
_vno 1560
_9168170
908 _aCDMAE
940 _aCDMAE
942 _2udc
_c1
999 _c137134
_d137134